000 00573nam a2200193 i 4500
001 148285
003 ES-MaACL
005 20230906202532.0
007 t|
008 070214s1927 pl r ||||1| fre d
100 1 _aStarzynski, Stefan.
_9107941
245 1 3 _aLa Pologne economique en 1926 /
_cStefan Starzynski.
260 _aVarsovie :
_bMinistère de Finances,
_c1927.
300 _a138 p. ;
_c24 cm.
651 4 _aPolonia-
_xEconomía.
_9164041
710 2 _aPologne.
_bMinistère de Finances.
_96232
852 _aES-MaACL
_jF-4225
852 _aES-MaACL
_j1710-F-17
999 _c148285
_d148285